00585 a2200229 4500260001700000630001800017037001300035650003900048100002000087260001900107245007800126300000900204650001400213260000900227100000700236440001400243037001100257037001100268037001200279250004600291020001800337 aVilleurbanne a57 - Biologie b3, Achat a5 - SCIENCES EXACTES ET NATURELLES aLouisot, Pierre bSimep Editions aCours de biochimie structurale : 4. Lipides et dérivés isopréniques a87 p aBiochimie c1974 lFr aBiochimie aS 4021 aS 4024 aS 11534 a2e éd. revue, corrigée et augmentée a2-85334-103-8